Central Library and Information Centre
Sibsagar Girls' College, Sivasagar : Assam

TEXTBOOK OF BOTANY (Vol-4) (Record no. 20130)

MARC details
000 -LEADER
fixed length control field 00505cam a2200193ua 4500
008 - FIXED-LENGTH DATA ELEMENTS--GENERAL INFORMATION
fixed length control field 140403n2009 II |||gr||||Z||||||eng
040 ## - CATALOGING SOURCE
Original cataloging agency MAIN
041 ## - LANGUAGE CODE
-- English
082 ## - DEWEY DECIMAL CLASSIFICATION NUMBER
Classification number 580 SIN
100 ## - MAIN ENTRY--PERSONAL NAME
Personal name SINGH, DR. M.P.
245 ## - TITLE STATEMENT
Title TEXTBOOK OF BOTANY (Vol-4)
260 ## - PUBLICATION, DISTRIBUTION, ETC.
Place of publication, distribution, etc. NEW DELHI
Name of publisher, distributor, etc. CAMPUS BOOKS INTERNATIONAL
Date of publication, distribution, etc. 2009
300 ## - PHYSICAL DESCRIPTION
Extent 945--1292:
Dimensions 20CM.
700 ## - ADDED ENTRY--PERSONAL NAME
Personal name MOHANKA, DR. REENA.
700 ## - ADDED ENTRY--PERSONAL NAME
Personal name KALAM, DR. A.P.J. ABDUL (Forwarded by).
942 ## - ADDED ENTRY ELEMENTS (KOHA)
Koha item type Books
653 ## - INDEX TERM--UNCONTROLLED
Uncontrolled term Plants (Botany)
Holdings
Withdrawn status Lost status Damaged status Not for loan Collection code Home library Current library Shelving location Date acquired Full call number Barcode Date last seen Copy number Price effective from Koha item type Public note
        TBBOT Central Library and Information Centre Sibsagar Girls College Central Library and Information Centre Sibsagar Girls College BOTANY BOOK RACK 27.03.2014 580 SIN 30839 27.02.2020 1 27.02.2020 Books V


Sibsagar Girl's College © 2020. All rights reserved.
Powered by Koha.
Maintained by Abhijit Borpuzari.